RRII natural rubber clones: Most suited for diverse agroclimatic zones of India (Record no. 67301)

MARC details
000 -LEADER
fixed length control field 00502nam a2200181Ia 4500
100 ## - MAIN ENTRY--AUTHOR NAME
Personal name Mydin K.K
245 #0 - TITLE STATEMENT
Title RRII natural rubber clones: Most suited for diverse agroclimatic zones of India
260 ## - PUBLICATION, DISTRIBUTION, ETC. (IMPRINT)
Name of publisher Rubber Asia
Year of publication 2019
300 ## - PHYSICAL DESCRIPTION
Number of Pages 46-52
500 ## - GENERAL NOTE
General note Source Year: 2019
650 ## - SUBJECT ADDED ENTRY--TOPICAL TERM
Topical Term Hevea breeding cycle
650 ## - SUBJECT ADDED ENTRY--TOPICAL TERM
Topical Term Non-traditional region
650 ## - SUBJECT ADDED ENTRY--TOPICAL TERM
Topical Term RRII clones
650 ## - SUBJECT ADDED ENTRY--TOPICAL TERM
Topical Term Traditional region
700 ## - ADDED ENTRY--PERSONAL NAME
Personal name Jacob J
942 ## - ADDED ENTRY ELEMENTS (KOHA)
Koha item type Journals
Holdings
Withdrawn status Lost status Damaged status Not for loan Home library Current library Shelving location Date acquired Serial Enumeration / chronology Koha item type
      Journals RRII Library RRII Library Botany 01/01/2021 Volume 34, Issue 2 Journals